[Event "Leuven op 18th"]
[Site "Leuven"]
[Date "2006.11.12"]
[Round "?"]
[White "Soors, Stef"]
[Black "Janssens, Carlo"]
[Result "1/2-1/2"]
[WhiteElo "1858"]
[BlackElo "1932"]
[PlyCount "37"]
[EventDate "2006.11.09"]
[EventType "swiss"]
[EventRounds "7"]
[EventCountry "BEL"]
[SourceTitle "CBM 115 Extra"]
[Source "ChessBase"]
[SourceDate "2007.01.10"]
[SourceVersion "1"]
[SourceVersionDate "2007.01.10"]
[SourceQuality "1"]

1. d4 Nf6 2. c4 e6 3. Nc3 Bb4 4. f3 d5 5. a3 Bxc3+ 6. bxc3 c5 7. cxd5 Nxd5 8. dxc5 0-0 9. e4 Ne7 10. Be3 Qa5 11. Qb3 Na6 12. Bb5 Rd8 13. Rb1 Bd7 14. a4 Rac8 15. Qa3 Qc7 16. Bxd7 Rxd7 17. Rb5 Rcd8 18. Kf2 Rd1 19. g3 1/2-1/2